[Event "30th San Sebastian op"]
[Site "Donostia"]
[Date "2007.04.01"]
[Round "1.1"]
[White "Spraggett, Kevin"]
[Black "Riesco Lekuona, Juan Manuel"]
[Result "1-0"]
[WhiteElo "2631"]
[BlackElo "1964"]
[PlyCount "85"]
[EventDate "2007.04.01"]

1. e4 e5 2. Nf3 Nc6 3. Bb5 a6 4. Ba4 Nf6 5. d3 b5 6. Bb3 Be7 7. O-O d6 8. c3
Na5 9. Bc2 c5 10. Nbd2 Nc6 11. Re1 O-O 12. Nf1 Qc7 13. Ne3 g6 14. a4 Be6 15.
Ng5 Qd7 16. Bd2 Nh5 17. Nxe6 fxe6 18. g3 d5 19. Ng4 d4 20. Bh6 Ng7 21. axb5
axb5 22. Rxa8 Rxa8 23. Bb3 Rd8 24. c4 b4 25. Ba4 Qd6 26. Bxc6 Qxc6 27. Nxe5 Qc7
28. f4 Bd6 29. Ng4 Nh5 30. e5 Be7 31. Qf3 b3 32. Ra1 Qb6 33. Kf2 Qb4 34. Ke2
Qb6 35. Nf2 Ng7 36. Bxg7 Kxg7 37. Ne4 Rf8 38. h4 h6 39. Nd2 Qc7 40. Ra6 Qd7 41.
Rb6 Qd8 42. Rxe6 Bxh4 43. Qe4 1-0

[Event "30th San Sebastian op"]
[Site "Donostia"]
[Date "2007.04.01"]
[Round "1.2"]
[White "Irure Crespo, Egoitz"]
[Black "San Segundo Carrillo, Pablo"]
[Result "0-1"]
[WhiteElo "1953"]
[BlackElo "2539"]
[PlyCount "92"]
[EventDate "2007.04.01"]

1. e4 c5 2. Nf3 Nc6 3. d4 cxd4 4. Nxd4 Nf6 5. Nc3 e5 6. Ndb5 d6 7. Bg5 a6 8.
Na3 b5 9. Bxf6 gxf6 10. Nd5 f5 11. Bxb5 axb5 12. Nxb5 Ra4 13. b4 Rxb4 14. Nbc7+
Kd7 15. O-O Rg8 16. Nxb4 Nxb4 17. Nd5 Nxd5 18. Qxd5 Ke7 19. Rab1 f4 20. Rb3 Kf6
21. Rc3 Be6 22. Qc6 Be7 23. a4 Qa5 24. Rb3 Bxb3 25. cxb3 Qc5 26. Rc1 Qxc6 27.
Rxc6 Rb8 28. Rc3 Rb4 29. f3 Bd8 30. Kf2 Bb6+ 31. Kf1 Bd4 32. Rd3 Ke6 33. g3 f5
34. Kg2 fxg3 35. Kxg3 fxe4 36. fxe4 d5 37. exd5+ Kxd5 38. Kg2 Rb7 39. Kf1 Ke4
40. Ke2 Rg7 41. Rh3 Rg2+ 42. Kf1 Rf2+ 43. Ke1 Rb2 44. Rxh7 Kd3 45. Rh3+ Be3 46.
Kf1 Rb1+ 0-1

[Event "30th San Sebastian op"]
[Site "Donostia"]
[Date "2007.04.01"]
[Round "1.3"]
[White "Sakelsek, Tadej"]
[Black "Argandona Riveiro, Jon"]
[Result "1-0"]
[WhiteElo "2487"]
[BlackElo "1950"]
[PlyCount "61"]
[EventDate "2007.04.01"]

1. e4 e5 2. Nf3 d6 3. d4 exd4 4. Nxd4 Nf6 5. Nc3 Be7 6. g3 d5 7. e5 Ng4 8. Bg2
c6 9. O-O O-O 10. Re1 Re8 11. Bf3 Nh6 12. Bxh6 gxh6 13. Bh5 Bf8 14. e6 Bxe6 15.
Nxe6 Rxe6 16. Qg4+ Rg6 17. Bxg6 hxg6 18. Rad1 Na6 19. Ne2 Qb6 20. b3 Nc5 21.
Nf4 Ne4 22. Rxe4 dxe4 23. Nxg6 Bg7 24. Ne7+ Kh7 25. Qxe4+ Kh8 26. Nf5 Rd8 27.
Nd6 Kg8 28. Qe7 Rf8 29. Nf5 Qa6 30. Nxg7 Kxg7 31. Rd4 1-0

[Event "30th San Sebastian op"]
[Site "Donostia"]
[Date "2007.04.01"]
[Round "1.6"]
[White "Oliver, Shannon"]
[Black "Czakon, Jakub"]
[Result "0-1"]
[WhiteElo "1925"]
[BlackElo "2482"]
[PlyCount "60"]
[EventDate "2007.04.01"]

1. e4 c5 2. Nf3 d6 3. d4 cxd4 4. Nxd4 Nf6 5. Nc3 a6 6. Bc4 e6 7. Bb3 b5 8. Bg5
Nbd7 9. Qf3 Qc7 10. O-O-O Be7 11. Rhe1 Nc5 12. Bxf6 gxf6 13. Nf5 Bb7 14. Nxe7
Kxe7 15. Nd5+ exd5 16. exd5+ Kf8 17. Qxf6 Rg8 18. Rd4 Rg7 19. Re3 Kg8 20. Re7
Qd8 21. c3 Kf8 22. Rg4 Qxe7 23. Qxg7+ Ke8 24. Rg3 Nxb3+ 25. axb3 Qe1+ 26. Kc2
Qxf2+ 27. Kb1 Bxd5 28. Qxh7 Kd7 29. Qh6 Bxb3 30. Qc1 Re8 0-1

[Event "30th San Sebastian op"]
[Site "Donostia"]
[Date "2007.04.01"]
[Round "1.11"]
[White "Fernandez Garcia, Jose Luis"]
[Black "Villanueva Arguinberri, Bruno"]
[Result "1-0"]
[WhiteElo "2467"]
[BlackElo "1909"]
[PlyCount "67"]
[EventDate "2007.04.01"]

1. e4 e5 2. Bc4 Nf6 3. d3 Bc5 4. Nc3 d6 5. Na4 Bb6 6. Nxb6 axb6 7. Ne2 Be6 8.
Bxe6 fxe6 9. O-O Nc6 10. f4 exf4 11. Nxf4 Qe7 12. Nh5 O-O-O 13. Bg5 Rdf8 14. d4
h6 15. Bxf6 gxf6 16. c3 Rhg8 17. Qe2 Rg5 18. Rf2 Nb8 19. Raf1 Nd7 20. Nf4 c6
21. Qc4 Re8 22. d5 exd5 23. exd5 b5 24. Qd4 Qe3 25. dxc6 bxc6 26. Qxd6 Qe4 27.
Re2 Qxe2 28. Qxc6+ Kd8 29. Nxe2 Rxe2 30. Rd1 Re7 31. Qa8+ Kc7 32. Qa7+ Kc8 33.
Rd6 Reg7 34. Qa8+ 1-0

[Event "30th San Sebastian op"]
[Site "Donostia"]
[Date "2007.04.01"]
[Round "1.14"]
[White "Sanz Rodero, Mikel"]
[Black "Jerez Perez, Alfonso"]
[Result "1/2-1/2"]
[WhiteElo "1889"]
[BlackElo "2413"]
[PlyCount "70"]
[EventDate "2007.04.01"]

1. e4 e6 2. d4 d5 3. Nc3 Bb4 4. exd5 exd5 5. Bd3 Nc6 6. Nge2 Nge7 7. a3 Bxc3+
8. bxc3 Bf5 9. Ng3 Bg6 10. O-O O-O 11. a4 Re8 12. Ba3 Nc8 13. f4 Bxd3 14. cxd3
Qd7 15. f5 f6 16. Qg4 Nd6 17. Nh5 Kh8 18. Bxd6 cxd6 19. Nf4 Ne7 20. Nh5 Ng8 21.
Nf4 Nh6 22. Qf3 Qxf5 23. Qxd5 Qxd5 24. Nxd5 Rad8 25. Rfe1 Kg8 26. Nc7 Rxe1+ 27.
Rxe1 Kf7 28. a5 Rd7 29. Nd5 Nf5 30. Kf2 g5 31. Ra1 Ne7 32. Nxe7 Kxe7 33. c4 f5
34. a6 b6 35. h4 gxh4 1/2-1/2

[Event "30th San Sebastian op"]
[Site "Donostia"]
[Date "2007.04.01"]
[Round "1.15"]
[White "Gonzalez Menendez, Ivan"]
[Black "Saenz Zabala, Juan Ignacio"]
[Result "1-0"]
[WhiteElo "2401"]
[BlackElo "1887"]
[PlyCount "23"]
[EventDate "2007.04.01"]

1. e4 e5 2. d4 exd4 3. Bc4 Bb4+ 4. c3 dxc3 5. bxc3 Bd6 6. Nf3 Ne7 7. Ng5 O-O 8.
Qh5 h6 9. Nxf7 Rxf7 10. Bxf7+ Kf8 11. Bb3 Qe8 12. Qf3+ 1-0

[Event "30th San Sebastian op"]
[Site "Donostia"]
[Date "2007.04.01"]
[Round "1.16"]
[White "Arana Garate, Jon"]
[Black "Argandona Rivero, Inigo"]
[Result "0-1"]
[WhiteElo "1877"]
[BlackElo "2400"]
[PlyCount "66"]
[EventDate "2007.04.01"]

1. d4 d5 2. c4 e6 3. Nc3 Nf6 4. Bg5 Nbd7 5. e3 c6 6. Nf3 Qa5 7. Bxf6 Nxf6 8.
Qa4 Qxa4 9. Nxa4 dxc4 10. Nc3 b5 11. a4 Bb4 12. Nd2 Ke7 13. Be2 Nd5 14. Nce4
Bd7 15. Nc5 a5 16. Bf3 Rhb8 17. Ke2 c3 18. Bxd5 cxb2 19. Ra2 cxd5 20. Nxd7 Kxd7
21. axb5 Bxd2 22. Kxd2 Rxb5 23. Rb1 Rab8 24. Kc2 R8b6 25. Raxb2 Rxb2+ 26. Rxb2
Rxb2+ 27. Kxb2 Kc6 28. Ka3 Kb5 29. Kb3 a4+ 30. Kc3 f5 31. f4 h5 32. h4 g6 33.
Kd3 Kb4 0-1

[Event "30th San Sebastian op"]
[Site "Donostia"]
[Date "2007.04.01"]
[Round "1.17"]
[White "Gonzalez De La Torre, Sant"]
[Black "Rodriguez Vallejo, Julio"]
[Result "1-0"]
[WhiteElo "2388"]
[BlackElo "1875"]
[PlyCount "31"]
[EventDate "2007.04.01"]

1. e4 e6 2. d3 d5 3. Nd2 c5 4. Ngf3 Nc6 5. g3 Nf6 6. Bg2 dxe4 7. dxe4 Qc7 8.
O-O Be7 9. Re1 b6 10. e5 Nd7 11. Ne4 O-O 12. Bf4 Ba6 13. Nf6+ Bxf6 14. exf6 Qd8
15. Ng5 Rc8 16. fxg7 1-0

[Event "30th San Sebastian op"]
[Site "Donostia"]
[Date "2007.04.02"]
[Round "2.4"]
[White "Sebenik, Matej"]
[Black "Kulago, Alexander"]
[Result "1-0"]
[WhiteElo "2483"]
[BlackElo "2143"]
[PlyCount "137"]
[EventDate "2007.04.01"]

1. d4 d5 2. Nf3 Nf6 3. c4 e6 4. g3 c6 5. Bg2 Nbd7 6. O-O Be7 7. b3 O-O 8. Qc2
b6 9. Rd1 Bb7 10. Nc3 Rc8 11. e4 Nxe4 12. Nxe4 dxe4 13. Qxe4 Nf6 14. Qc2 Qc7
15. Bf4 Bd6 16. Bxd6 Qxd6 17. c5 Qc7 18. Ne5 Nd7 19. Nc4 bxc5 20. dxc5 Rcd8 21.
b4 Nf6 22. Qa4 Rxd1+ 23. Rxd1 Nd5 24. Rc1 Bc8 25. Qa5 Qxa5 26. Nxa5 Bd7 27.
Bxd5 exd5 28. Re1 Rd8 29. f4 Kf8 30. Kf2 Rb8 31. a3 Rd8 32. Nb3 Ra8 33. Re3 Be6
34. Ke1 Rd8 35. Nd4 Bd7 36. Kd2 g6 37. Kc3 Ra8 38. Kb3 a5 39. bxa5 Rxa5 40. Kb4
Ra8 41. Rb3 Ke7 42. a4 Kd8 43. a5 Kc7 44. Ka4 Re8 45. a6 Bc8 46. a7 Bb7 47. Kb4
Re4 48. Kc3 Re3+ 49. Kd2 Rxb3 50. Nxb3 Ba8 51. Na5 Kd7 52. g4 Ke6 53. Ke3 h5
54. g5 f6 55. gxf6 Kxf6 56. h4 Kf5 57. Kf3 Ke6 58. Nb3 d4 59. Ke4 d3 60. Nd4+
Kd7 61. Kxd3 Kc7 62. Ne6+ Kb7 63. Nf8 Kxa7 64. Nxg6 Bb7 65. f5 Bc8 66. Ne7 Bd7
67. f6 Be8 68. Nxc6+ Kb7 69. Ne5 1-0

[Event "30th San Sebastian op"]
[Site "Donostia"]
[Date "2007.04.02"]
[Round "2.6"]
[White "Schnitzer, Peter"]
[Black "Vera Gonzalez-Quevedo, Reynaldo"]
[Result "0-1"]
[WhiteElo "2159"]
[BlackElo "2481"]
[PlyCount "68"]
[EventDate "2007.04.01"]

1. e4 c5 2. Nf3 d6 3. d4 cxd4 4. Nxd4 Nf6 5. Nc3 e6 6. g3 Be7 7. Bg2 O-O 8. O-O
a6 9. Be3 Qc7 10. Kh1 Nc6 11. f4 Bd7 12. f5 b5 13. g4 b4 14. Nb1 Nxd4 15. Bxd4
e5 16. Be3 Bc6 17. Nd2 Qb7 18. Qf3 d5 19. g5 Nxe4 20. Nxe4 dxe4 21. Qg3 f6 22.
h4 Rac8 23. Rf2 Bd5 24. h5 fxg5 25. Bxg5 Bxg5 26. Qxg5 h6 27. Qg4 e3 28. Bxd5+
Qxd5+ 29. Rg2 Rc7 30. f6 Rxf6 31. Rd1 Qa8 32. Qxb4 Rf2 33. Qg4 e2 34. Rdg1 Rxg2
0-1

[Event "30th San Sebastian op"]
[Site "Donostia"]
[Date "2007.04.02"]
[Round "2.8"]
[White "Cremers, Michael"]
[Black "Petrov, Marijan"]
[Result "0-1"]
[WhiteElo "2106"]
[BlackElo "2472"]
[PlyCount "88"]
[EventDate "2007.04.01"]

1. Nf3 g6 2. g3 Bg7 3. d4 c5 4. c3 Nf6 5. Bg2 O-O 6. O-O Na6 7. e3 b5 8. a4 b4
9. dxc5 bxc3 10. Nxc3 Nxc5 11. b4 Nfe4 12. Nxe4 Nxe4 13. Nd4 Bb7 14. Bb2 Rb8
15. Qc2 Ba8 16. b5 Qa5 17. Nb3 Qb4 18. Bxg7 Kxg7 19. Rfb1 Nc3 20. Qd2 Bxg2 21.
Kxg2 e5 22. Rb2 Rfc8 23. Nc1 Qe4+ 24. f3 Qb7 25. Ra3 Nd5 26. Rd3 Nb6 27. Rb4 a5
28. bxa6 Qxa6 29. Rd6 Qa7 30. Rd3 Nc4 31. Rxb8 Nxd2 32. Rxc8 Nxf3 33. Rdc3 Ng5
34. Rb3 Qxa4 35. h4 Qe4+ 36. Kf2 Qf3+ 37. Ke1 Ne4 38. Rc2 Qh1+ 39. Ke2 Qg2+ 40.
Kd3 Qf1+ 41. Kxe4 Qf5+ 42. Kd5 Qxc2 43. Rd3 Qxc1 44. Kxe5 Qc7+ 0-1

[Event "30th San Sebastian op"]
[Site "Donostia"]
[Date "2007.04.02"]
[Round "2.11"]
[White "Heikkila, Antti"]
[Black "Pakleza, Zbigniew"]
[Result "0-1"]
[WhiteElo "2070"]
[BlackElo "2446"]
[PlyCount "74"]
[EventDate "2007.04.01"]

1. c4 d6 2. g3 e5 3. Bg2 g6 4. Nc3 Bg7 5. Nf3 Ne7 6. O-O O-O 7. d3 h6 8. Bd2 c6
9. e4 Be6 10. Qe2 Nd7 11. Ne1 f5 12. exf5 Nxf5 13. Nc2 Re8 14. Rae1 a5 15. Qd1
Nc5 16. Bc1 Qc7 17. Ne4 Nd7 18. Ne3 Ne7 19. f4 exf4 20. Rxf4 Rad8 21. Ng4 Nf5
22. Nc3 Kh7 23. Rff1 b5 24. cxb5 cxb5 25. Kh1 b4 26. Nd5 Qc5 27. Nf4 Bf7 28.
Nf2 Rxe1 29. Qxe1 Re8 30. Ne4 Qe5 31. Qd1 d5 32. Nf2 Qd4 33. Qa4 Nb6 34. Qxa5
Ra8 35. Qb5 Be8 36. Ne2 Bxb5 37. Nxd4 Bxd4 0-1

[Event "30th San Sebastian op"]
[Site "Donostia"]
[Date "2007.04.02"]
[Round "2.12"]
[White "Fosser, Gaspar"]
[Black "Gonzalez Menendez, Ivan"]
[Result "1/2-1/2"]
[WhiteElo "2028"]
[BlackElo "2401"]
[PlyCount "104"]
[EventDate "2007.04.01"]

1. d4 Nf6 2. c4 c5 3. d5 e6 4. Nc3 exd5 5. cxd5 d6 6. e4 g6 7. Nf3 Bg7 8. Bd3
O-O 9. h3 a6 10. a4 Nh5 11. Be3 Nd7 12. Qd2 Re8 13. O-O Ne5 14. Nxe5 Bxe5 15.
Be2 Nf6 16. f3 Nh5 17. f4 Bxc3 18. bxc3 Ng3 19. e5 Bf5 20. Bf3 Nxf1 21. Rxf1
Rc8 22. g4 Bd7 23. e6 fxe6 24. dxe6 Bc6 25. f5 Qh4 26. Kh2 Qf6 27. Bg5 Qe5+ 28.
Bf4 Qg7 29. Bh6 Qe5+ 30. Bf4 Qh8 31. Bd5 Qf6 32. c4 Bxd5 33. Qxd5 Qb2+ 34. Kh1
Qe2 35. Kg1 gxf5 36. e7+ Kh8 37. Bxd6 Rxe7 38. Bxe7 Qxe7 39. Qxf5 Re8 40. Qf7
Qxf7 41. Rxf7 Re4 42. Rxb7 Rxc4 43. Rc7 a5 44. Kg2 Kg8 45. Kg3 Rc1 46. Ra7 c4
47. Rxa5 Kf7 48. Ra7+ Kg6 49. Kh4 Ra1 50. a5 c3 51. Rc7 Rxa5 52. Rxc3 Ra6
1/2-1/2

[Event "30th San Sebastian op"]
[Site "Donostia"]
[Date "2007.04.02"]
[Round "2.15"]
[White "Yrjola, Jouni"]
[Black "Luaces Rubio, Alfredo"]
[Result "1-0"]
[WhiteElo "2384"]
[BlackElo "2027"]
[PlyCount "36"]
[EventDate "2007.04.01"]

1. d4 Nf6 2. c4 c5 3. d5 b5 4. Nd2 e6 5. dxe6 fxe6 6. e4 bxc4 7. e5 Nd5 8. Nxc4
Be7 9. Bd3 O-O 10. Qh5 g6 11. Bxg6 hxg6 12. Qxg6+ Kh8 13. h4 Rf5 14. Qh6+ Kg8
15. Rh3 Bf8 16. Rg3+ Kf7 17. Nd6+ Bxd6 18. Rg7+ Ke8 1-0

[Event "30th San Sebastian op"]
[Site "Donostia"]
[Date "2007.04.02"]
[Round "2.16"]
[White "Tung, Siu Hung"]
[Black "Andres Gonzalez, Ivan"]
[Result "0-1"]
[WhiteElo "1997"]
[BlackElo "2372"]
[PlyCount "136"]
[EventDate "2007.04.01"]

1. e4 c5 2. c3 d5 3. exd5 Qxd5 4. Nf3 Nf6 5. d4 e6 6. Na3 Nc6 7. Be2 cxd4 8.
Nb5 Qd8 9. Nbxd4 Nxd4 10. Qxd4 Qxd4 11. Nxd4 a6 12. Bg5 Bc5 13. Rd1 O-O 14. O-O
h6 15. Bf4 Re8 16. Nf3 b5 17. c4 bxc4 18. Bxc4 Bb7 19. Ne5 Red8 20. Be2 Nd5 21.
Bg3 f6 22. Nd3 Bd4 23. Nf4 Nxf4 24. Bxf4 e5 25. Bc1 Rac8 26. b3 Rc2 27. Bc4+
Kf8 28. Rd2 Rxd2 29. Bxd2 Bc5 30. Bc3 Ke7 31. Re1 Bd4 32. Bb4+ Ke8 33. Kf1 Ra8
34. Rc1 Rc8 35. a4 Kd7 36. Ba3 h5 37. b4 h4 38. h3 g5 39. a5 Ra8 40. Bb3 Bc6
41. Be6+ Kxe6 42. Rxc6+ Kd5 43. Rc2 Rb8 44. Ke2 f5 45. Bc1 Rxb4 46. Bxg5 Ra4
47. Bd2 Bc5 48. Rb2 Ra3 49. Be1 Bd4 50. Rc2 Ra1 51. Kd2 Rxa5 52. f3 Ra1 53.
Bxh4 a5 54. Bf6 f4 55. Be7 a4 56. Bb4 a3 57. Bc3 Be3+ 58. Kd3 Rd1+ 59. Ke2 Rb1
60. Kd3 Rb3 61. Ke2 Bd4 62. Bxd4 Kxd4 63. Kd2 Rd3+ 64. Kc1 Rb3 65. Ra2 Kc3 66.
Rc2+ Kb4 67. Ra2 Re3 68. Rd2 Re1+ 0-1

[Event "30th San Sebastian op"]
[Site "Donostia"]
[Date "2007.04.02"]
[Round "2.17"]
[White "Markosian, David S"]
[Black "Wlogalski, Olivier"]
[Result "1-0"]
[WhiteElo "2352"]
[BlackElo "2016"]
[PlyCount "75"]
[EventDate "2007.04.01"]

1. g3 e6 2. Bg2 d5 3. Nf3 Nf6 4. O-O Be7 5. d3 O-O 6. c4 c5 7. Nc3 Nc6 8. Bg5
b6 9. Nd2 Bb7 10. Rb1 d4 11. Na4 Qc7 12. a3 a6 13. Bxf6 Bxf6 14. b4 cxb4 15.
axb4 Be7 16. b5 Nd8 17. Nb3 Bxg2 18. Kxg2 e5 19. Nc1 Ne6 20. Na2 a5 21. Nc1 f5
22. Nb3 f4 23. Nd2 fxg3 24. hxg3 Qb7+ 25. f3 Nc5 26. Nxc5 Bxc5 27. Ne4 Qe7 28.
Ra1 Ra7 29. Qa4 Bb4 30. Rh1 Rf7 31. Rh5 Qd7 32. Rah1 Rf5 33. R5h3 Qe7 34. g4
Rf8 35. Rh5 Qe6 36. R5h3 Re7 37. g5 Qg6 38. Rg3 1-0

[Event "30th San Sebastian op"]
[Site "Donostia"]
[Date "2007.04.02"]
[Round "2.19"]
[White "Hernandez Lopez, Daniel"]
[Black "Cabrera Trujillo, Jorge"]
[Result "1-0"]
[WhiteElo "1982"]
[BlackElo "2334"]
[PlyCount "35"]
[EventDate "2007.04.01"]

1. e4 c5 2. Nf3 d6 3. d4 cxd4 4. Nxd4 Nf6 5. Nc3 a6 6. Be2 e5 7. Nb3 Be7 8. a4
O-O 9. O-O Be6 10. Be3 Nc6 11. f4 exf4 12. Bxf4 Rc8 13. Kh1 Ne8 14. Nd5 Bg5 15.
Bg4 Bxg4 16. Qxg4 Bxf4 17. Rxf4 Ne5 18. Qxc8 1-0

[Event "30th San Sebastian op"]
[Site "Donostia"]
[Date "2007.04.02"]
[Round "2.20"]
[White "Vul, Arkadi Eremeevich"]
[Black "Alvarado Fernandez, Mikel"]
[Result "1-0"]
[WhiteElo "2324"]
[BlackElo "2000"]
[PlyCount "37"]
[EventDate "2007.04.01"]

1. Nf3 d5 2. d4 c6 3. c4 Nf6 4. cxd5 cxd5 5. Nc3 Nc6 6. Bf4 Bf5 7. e3 e6 8. Qb3
Qb6 9. Qxb6 axb6 10. a3 Bb4 11. Rc1 Bxc3+ 12. Rxc3 Nd7 13. Bb5 Rc8 14. Ke2 Ke7
15. Rhc1 Na7 16. Bxd7 Kxd7 17. Ne5+ Ke7 18. Rc7+ Rxc7 19. Rxc7+ 1-0

[Event "30th San Sebastian op"]
[Site "Donostia"]
[Date "2007.04.03"]
[Round "3.4"]
[White "Vul, Arkadi Eremeevich"]
[Black "Czakon, Jakub"]
[Result "0-1"]
[WhiteElo "2324"]
[BlackElo "2482"]
[PlyCount "62"]
[EventDate "2007.04.01"]

1. Nf3 Nf6 2. c4 e6 3. Nc3 Bb4 4. Qc2 O-O 5. a3 Bxc3 6. Qxc3 d6 7. b4 e5 8. g3
Bg4 9. Bg2 h6 10. Bb2 Nc6 11. b5 Nb8 12. O-O Qc8 13. d4 e4 14. Nd2 Bh3 15. f3
Bxg2 16. Kxg2 Re8 17. d5 exf3+ 18. exf3 Qf5 19. Rae1 Nbd7 20. Ne4 a6 21. a4 Qg6
22. Nxf6+ Nxf6 23. Rf2 Nd7 24. Rfe2 Rxe2+ 25. Rxe2 Nc5 26. a5 Nd3 27. Re7 axb5
28. Rxc7 b4 29. Qb3 Re8 30. Bd4 Re2+ 31. Kg1 f5 0-1

[Event "30th San Sebastian op"]
[Site "Donostia"]
[Date "2007.04.03"]
[Round "3.5"]
[White "Vera Gonzalez-Quevedo, Reynaldo"]
[Black "Hernandez, Elvis"]
[Result "1/2-1/2"]
[WhiteElo "2481"]
[BlackElo "2283"]
[PlyCount "154"]
[EventDate "2007.04.01"]

1. d4 d5 2. c4 dxc4 3. e3 e5 4. Bxc4 exd4 5. exd4 Nf6 6. Qb3 Qe7+ 7. Ne2 Qb4+
8. Nbc3 Qxb3 9. Bxb3 Bb4 10. O-O O-O 11. Bg5 Nbd7 12. Rac1 Re8 13. Ng3 c6 14.
Rfe1 Rxe1+ 15. Rxe1 h6 16. Bd2 Nf8 17. a3 Ba5 18. Re2 Be6 19. d5 Nxd5 20. Nxd5
Bd8 21. Nf6+ Bxf6 22. Bxe6 Nxe6 23. Be3 Rd8 24. Bxa7 Rd1+ 25. Nf1 Rb1 26. g3
Bxb2 27. a4 Bd4 28. Bxd4 Nxd4 29. Re8+ Kh7 30. Kg2 Ra1 31. Re7 Kg6 32. Rxb7
Rxa4 33. Ne3 Ra5 34. Rd7 Ne6 35. Nc4 Ra8 36. Ne5+ Kf6 37. f4 Nd8 38. h4 Ke6 39.
Rd3 f6 40. Nc4 h5 41. Re3+ Kf5 42. Re8 Ra2+ 43. Kh3 Nf7 44. Re1 Nh6 45. Ne3+
Kg6 46. f5+ Kh7 47. g4 Ra3 48. Kg2 Nxg4 49. Nxg4 hxg4 50. Re4 Rf3 51. Rxg4 Rxf5
52. Kg3 Ra5 53. Rb4 Ra3+ 54. Kg4 Ra8 55. Rc4 Kh6 56. Rb4 Re8 57. Ra4 g6 58. Ra7
Re4+ 59. Kg3 Re3+ 60. Kf4 Re1 61. Ra8 Rf1+ 62. Kg3 Rg1+ 63. Kh3 g5 64. Kh2 Rg4
65. hxg5+ Kxg5 66. Ra2 Kf5 67. Ra5+ Kf4 68. Ra4+ Kg5 69. Ra2 f5 70. Ra8 Kf4 71.
Ra4+ Kf3 72. Ra3+ Kf2 73. Ra2+ Kf3 74. Ra3+ Kf4 75. Ra4+ Kg5 76. Rxg4+ Kxg4 77.
Kg2 c5 1/2-1/2

[Event "30th San Sebastian op"]
[Site "Donostia"]
[Date "2007.04.03"]
[Round "3.6"]
[White "Huesmann, Thomas"]
[Black "Tratar, Marko"]
[Result "0-1"]
[WhiteElo "2295"]
[BlackElo "2476"]
[PlyCount "146"]
[EventDate "2007.04.01"]

1. e4 c5 2. Nc3 Nc6 3. f4 g6 4. Nf3 Bg7 5. Bc4 e6 6. d3 Nge7 7. a3 O-O 8. O-O
d5 9. Ba2 b6 10. Qe1 Nd4 11. Nxd4 cxd4 12. Nd1 dxe4 13. dxe4 Ba6 14. Rf3 Rc8
15. Bb3 Nc6 16. Bd2 d3 17. c3 Na5 18. Ba2 Nc4 19. Bxc4 Rxc4 20. Nf2 Rc7 21. Qf1
Qa8 22. Re1 Rd7 23. e5 Rc8 24. Ne4 Bb7 25. Rfe3 Bxe4 26. Rxe4 Bf8 27. Qf3 Qd5
28. Qd1 Bc5+ 29. Kf1 b5 30. a4 a6 31. b4 Bb6 32. a5 Ba7 33. Qf3 Qa2 34. Rd1 Qc2
35. Ke1 Rd5 36. Rc1 Qa2 37. Qd1 Rd7 38. Ra1 Qd5 39. Qf3 Kg7 40. Kf1 h5 41. Ree1
Qxf3+ 42. gxf3 Rc4 43. h4 Bb8 44. Re4 Rxe4 45. fxe4 f6 46. exf6+ Kxf6 47. Kg2
e5 48. fxe5+ Bxe5 49. Rf1+ Ke6 50. Rf8 Bf6 51. Ra8 Rd6 52. Kg3 Rc6 53. Be1 Kd7
54. Kf3 Rd6 55. Bd2 Bxh4 56. e5 Rc6 57. Ke4 Ke6 58. Re8+ Kf7 59. Rb8 Re6 60.
Rb7+ Re7 61. Rb6 Bg3 62. Rf6+ Kg7 63. Rxa6 Bxe5 64. Kxd3 Rd7+ 65. Ke2 h4 66.
Re6 h3 67. Bf4 Bxf4 68. Kf3 h2 69. Re1 g5 70. c4 bxc4 71. b5 c3 72. a6 c2 73.
Kg2 Rd2+ 0-1

[Event "30th San Sebastian op"]
[Site "Donostia"]
[Date "2007.04.03"]
[Round "3.8"]
[White "Narayanan, Srinath"]
[Black "Llaneza Vega, Marcos"]
[Result "1/2-1/2"]
[WhiteElo "2280"]
[BlackElo "2469"]
[PlyCount "88"]
[EventDate "2007.04.01"]

1. e4 c5 2. Nf3 Nc6 3. d4 cxd4 4. Nxd4 Nf6 5. Nc3 e5 6. Ndb5 d6 7. Bg5 a6 8.
Na3 b5 9. Bxf6 gxf6 10. Nd5 f5 11. Bxb5 axb5 12. Nxb5 Ra4 13. b4 Qh4 14. O-O
Kd8 15. c3 Ra6 16. Ne3 Na7 17. a4 Qxe4 18. Qh5 Be6 19. Rfd1 Be7 20. c4 f4 21.
Nc3 Qg6 22. Qxe5 Qf6 23. Qe4 fxe3 24. Qxe3 Nc8 25. b5 Ra8 26. c5 Rg8 27. cxd6
Bxd6 28. Ne4 Qg6 29. g3 Ke7 30. Nxd6 Nxd6 31. Rxd6 Kxd6 32. Qb6+ Ke7 33. Qc5+
Kf6 34. Qd4+ Ke7 35. Qc5+ Ke8 36. Qc6+ Kf8 37. Qxa8+ Kg7 38. Qf3 Rb8 39. Re1
Qc2 40. Qe3 Qb2 41. Qg5+ Kf8 42. Qc5+ Kg8 43. Qg5+ Kf8 44. Qc5+ Kg8 1/2-1/2

[Event "30th San Sebastian op"]
[Site "Donostia"]
[Date "2007.04.03"]
[Round "3.9"]
[White "Fernandez Garcia, Jose Luis"]
[Black "Varas, Carlos"]
[Result "1-0"]
[WhiteElo "2467"]
[BlackElo "2239"]
[PlyCount "47"]
[EventDate "2007.04.01"]

1. e4 b6 2. d4 Bb7 3. Bd3 e6 4. Nf3 c5 5. O-O cxd4 6. Nxd4 Nc6 7. Nxc6 Bxc6 8.
Re1 Bc5 9. Be3 Ne7 10. Qh5 d5 11. Nd2 Bxe3 12. Rxe3 Ng6 13. Nf3 d4 14. Ree1 Qd6
15. e5 Qc5 16. Ng5 Qe7 17. Bxg6 fxg6 18. Qg4 Bd5 19. Rad1 O-O 20. Rxd4 Rf5 21.
h4 Raf8 22. c4 Bb7 23. Nh3 Qc5 24. Rc1 {Ilegible} 1-0

[Event "30th San Sebastian op"]
[Site "Donostia"]
[Date "2007.04.03"]
[Round "3.10"]
[White "Pakleza, Zbigniew"]
[Black "Martin Alvarez, Inigo"]
[Result "1-0"]
[WhiteElo "2446"]
[BlackElo "2173"]
[PlyCount "57"]
[EventDate "2007.04.01"]

1. d4 d6 2. Nf3 Nf6 3. c4 Nbd7 4. Bf4 g6 5. e3 Bg7 6. h3 O-O 7. Nc3 c5 8. Be2
Qb6 9. Qd2 Rd8 10. Rd1 Nf8 11. O-O Ne6 12. Bh2 Bd7 13. d5 Nc7 14. e4 Nce8 15.
Rfe1 a6 16. Bd3 Qa5 17. e5 dxe5 18. Rxe5 e6 19. dxe6 Bxe6 20. Qe3 Qb6 21. b3
Nd7 22. Nd5 Bxd5 23. Rxd5 Nef6 24. Rd6 Qb4 25. Bb1 Qa5 26. Qd2 Qxd2 27. R6xd2
Kf8 28. Bd6+ Kg8 29. Be7 1-0

[Event "30th San Sebastian op"]
[Site "Donostia"]
[Date "2007.04.03"]
[Round "3.11"]
[White "Llaneza Vega, Patricia"]
[Black "Argandona Rivero, Inigo"]
[Result "1-0"]
[WhiteElo "2249"]
[BlackElo "2400"]
[PlyCount "74"]
[EventDate "2007.04.01"]

1. e4 c5 2. Nf3 d6 3. d4 cxd4 4. Nxd4 Nf6 5. Nc3 g6 6. g3 Bg7 7. Bg2 O-O 8. O-O
Nc6 9. Nde2 a5 10. a4 Be6 11. Nd5 Bxd5 12. exd5 Nb4 13. c3 Na6 14. Nd4 Nc7 15.
c4 Na6 16. Rb1 Qb6 17. Nb5 Nd7 18. Re1 Ne5 19. b3 Nc5 20. Be3 f5 21. f4 Ng4 22.
Bd4 Rf7 23. Bxg7 Rxg7 24. Qd4 Ra6 25. h3 Nf6 26. Re3 Nce4 27. g4 Qxd4 28. Nxd4
Nc5 29. gxf5 Rb6 30. fxg6 hxg6 31. Bf3 g5 32. fxg5 Rxg5+ 33. Kh2 Re5 34. Rbe1
Nxb3 35. Rg1+ Kh8 36. Rxb3 Rxb3 37. Nxb3 Re3 1-0

[Event "30th San Sebastian op"]
[Site "Donostia"]
[Date "2007.04.03"]
[Round "3.12"]
[White "Gonzalez De La Torre, Sant"]
[Black "Hernandez Lopez, Daniel"]
[Result "1-0"]
[WhiteElo "2388"]
[BlackElo "1982"]
[PlyCount "115"]
[EventDate "2007.04.01"]

1. e4 c5 2. Nf3 Nc6 3. d4 cxd4 4. Nxd4 Nf6 5. Nc3 e5 6. Ndb5 d6 7. Bg5 a6 8.
Na3 b5 9. Bxf6 gxf6 10. Nd5 f5 11. Bd3 Be6 12. O-O Bg7 13. Qh5 f4 14. c4 b4 15.
Nc2 Rb8 16. b3 O-O 17. a3 bxa3 18. Rxa3 a5 19. g3 fxg3 20. fxg3 Rb7 21. g4 h6
22. Kg2 Qg5 23. Qxg5 hxg5 24. Nde3 Rfb8 25. Na1 Bf8 26. Ra4 Be7 27. Nf5 Kf8 28.
Bc2 Rb4 29. Ra3 Ra8 30. Rd1 Bxf5 31. exf5 Nd4 32. Be4 Ra7 33. Bd5 Rb8 34. Rd2
Bd8 35. Rda2 f6 36. Ra4 Rg7 37. Rb2 Bb6 38. b4 Bc5 39. b5 Bb4 40. Nb3 Nxb3 41.
Rxb3 Rh7 42. Ra2 Kg7 43. h3 Kf8 44. Rb1 Kg7 45. Ra4 Kf8 46. Rba1 Kg7 47. Rxa5
Bxa5 48. Rxa5 Kf8 49. Ra6 Re7 50. Rxd6 Kg7 51. b6 e4 52. c5 Re5 53. Kf2 e3+ 54.
Ke2 Rh8 55. Rd7+ Kh6 56. b7 Re4 57. Bxe4 Ra8 58. Rh7+ 1-0